000
00230nam a2200097Ia 4500
008
230915s9999 xx 000 0 und d
050
_a
LB 1775 .O45 1956 C.15
100
_a
OLIVER,R.A
245
0
_a
EFFECTIVE TEACHING
942
_c
BK
999
_c
169192
_d
169192